[Event "Prague Golden op 18th"]
[Site "Prague"]
[Date "2023.06.25"]
[Round "1.1"]
[White "Jinova, Lucie"]
[Black "Bauer, Sebastian1111"]
[Result "1-0"]
[WhiteElo "2068"]
[BlackElo "1211"]
[PlyCount "57"]
[EventDate "2023.06.25"]
[EventType "team-swiss"]
[EventRounds "9"]
[EventCountry "CZE"]
[SourceTitle "CBM 214 Extra"]
[Source "ChessBase"]
[SourceDate "2023.07.31"]
[SourceVersion "1"]
[SourceVersionDate "2023.07.31"]
[SourceQuality "1"]
[WhiteTeam "Ceska Lipa"]
[BlackTeam "Jugoslavsti Experti"]
[WhiteTeamCountry "CZE"]
[BlackTeamCountry "CZE"]

1. e4 e5 2. Nf3 Nc6 3. d4 exd4 4. Bc4 Nf6 5. 0-0 d6 6. Nxd4 Ne5 7. Bb3 Be7 8. f4 Ned7 9. Qf3 0-0 10. Nc3 c5 11. Nf5 Nb6 12. Nxe7+ Qxe7 13. a4 Bg4 14. Qg3 Bh5 15. e5 dxe5 16. fxe5 Nfd7 17. a5 Nc8 18. Bf4 Bg6 19. Nd5 Qd8 20. Bg5 Qe8 21. Nc7 Qxe5 22. Qxe5 Nxe5 23. Nxa8 c4 24. Ba4 Nd6 25. Be7 Rxa8 26. Bxd6 Nc6 27. a6 Nd4 28. axb7 Rd8 29. b8Q 1-0

[Event "Prague Golden op 18th"]
[Site "Prague"]
[Date "2023.06.25"]
[Round "2.1"]
[White "Novak, Petr"]
[Black "Jinova, Lucie"]
[Result "0-1"]
[WhiteElo "1469"]
[BlackElo "2068"]
[PlyCount "74"]
[EventDate "2023.06.25"]
[EventType "team-swiss"]
[EventRounds "9"]
[EventCountry "CZE"]
[SourceTitle "CBM 214 Extra"]
[Source "ChessBase"]
[SourceDate "2023.07.31"]
[SourceVersion "1"]
[SourceVersionDate "2023.07.31"]
[SourceQuality "1"]
[WhiteTeam "P&P"]
[BlackTeam "Ceska Lipa"]
[WhiteTeamCountry "CZE"]
[BlackTeamCountry "CZE"]

1. e4 e6 2. d4 d5 3. exd5 exd5 4. Nf3 Nf6 5. Nc3 Be7 6. Bd3 Bg4 7. h3 Bh5 8. g4 Bg6 9. Bf4 c6 10. Bxg6 hxg6 11. Ne5 Nbd7 12. Qf3 Nxe5 13. dxe5 Nd7 14. 0-0-0 Nc5 15. Rhe1 Qa5 16. Kb1 Ne6 17. Bd2 Qb6 18. Re2 Nd4 19. Qd3 Nxe2 20. Nxe2 0-0-0 21. Be3 Qa6 22. Qd2 Kb8 23. Bf4 Ka8 24. Nd4 c5 25. Nb3 Rxh3 26. Qe1 c4 27. Nd4 Qb6 28. Be3 Bc5 29. c3 Rhh8 30. f4 Rhe8 31. Qh4 a5 32. a3 Bxa3 33. Rd2 Bc5 34. Kc1 Rh8 35. Qg5 Rh1+ 36. Kc2 Bxd4 37. Rd1 Rhh8 0-1

[Event "CZE-chT2C 2223"]
[Site "Czech Republic"]
[Date "2023.02.05"]
[Round "8.3"]
[White "Netusil, Miloslav"]
[Black "Jinova, Lucie"]
[Result "1-0"]
[WhiteElo "2156"]
[BlackElo "2072"]
[PlyCount "97"]
[EventDate "2022.10.16"]
[EventType "team-tourn"]
[EventRounds "11"]
[EventCountry "CZE"]
[SourceTitle "EXT 2024"]
[Source "ChessBase"]
[SourceDate "2023.10.10"]
[SourceVersion "1"]
[SourceVersionDate "2023.10.10"]
[SourceQuality "1"]
[WhiteTeam "Vysehrad"]
[BlackTeam "Ceska Lipa"]
[WhiteTeamCountry "CZE"]
[BlackTeamCountry "CZE"]

1. e4 e6 2. d4 d5 3. exd5 exd5 4. Nf3 Nf6 5. c4 Be7 6. Nc3 0-0 7. Be2 Be6 8. cxd5 Nxd5 9. 0-0 Nd7 10. Bd2 c5 11. dxc5 Nxc5 12. Nd4 Bc8 13. Nxd5 Qxd5 14. Nb5 Rd8 15. Ba5 Qxd1 16. Raxd1 b6 17. Rxd8+ Bxd8 18. Bb4 a6 19. Nd6 Be6 20. Bc4 Bc7 21. Bxe6 Nxe6 22. Rc1 Rd8 23. Nf5 f6 24. g3 Kf7 25. Rc6 Rd1+ 26. Kg2 Be5 27. Rxb6 Bxb2 28. Rxa6 Nd4 29. Ra7+ Kg6 30. Nh4+ Kh6 31. Rd7 Ra1 32. Rf7 Ne6 33. Re7 Nd4 34. Bc5 Nc2 35. Nf5+ Kg6 36. g4 Kg5 37. Rxg7+ Kf4 38. Bd6+ Be5 39. Bxe5+ fxe5 40. Ng3 Rxa2 41. Nh5+ Ke4 42. Nf6+ Kd3 43. Rxh7 Ne1+ 44. Kf1 Nf3 45. Rd7+ Nd4 46. g5 Ra1+ 47. Kg2 Ke2 48. g6 Rf1 49. Ne4 1-0

[Event "CZE-chT2C 2223"]
[Site "Czech Republic"]
[Date "2023.01.08"]
[Round "6.4"]
[White "Jinova, Lucie"]
[Black "Husarik, Branko"]
[Result "1/2-1/2"]
[WhiteElo "2072"]
[BlackElo "2122"]
[PlyCount "167"]
[EventDate "2022.10.16"]
[EventType "team-tourn"]
[EventRounds "11"]
[EventCountry "CZE"]
[SourceTitle "EXT 2024"]
[Source "ChessBase"]
[SourceDate "2023.10.10"]
[SourceVersion "1"]
[SourceVersionDate "2023.10.10"]
[SourceQuality "1"]
[WhiteTeam "Ceska Lipa"]
[BlackTeam "Lysa nad Labem"]
[WhiteTeamCountry "CZE"]
[BlackTeamCountry "CZE"]

1. e4 c6 2. d4 d5 3. exd5 cxd5 4. Bd3 Nc6 5. c3 Nf6 6. h3 g6 7. Nf3 Bg7 8. 0-0 0-0 9. Bf4 Bf5 10. Bxf5 gxf5 11. Nbd2 Ne4 12. Re1 f6 13. Nh4 e5 14. Nxf5 exf4 15. Nxe4 dxe4 16. Rxe4 Qc7 17. Qg4 Kh8 18. Rae1 Qf7 19. Re7 Nxe7 20. Rxe7 Qg6 21. Rxg7 Qxg4 22. hxg4 b5 23. Kf1 a5 24. Ke2 b4 25. Kd3 Rg8 26. Rf7 Rxg4 27. g3 fxg3 28. fxg3 Rg6 29. d5 Kg8 30. Rb7 Rg5 31. Ke4 bxc3 32. bxc3 Re8+ 33. Kf4 Re5 34. Nh6+ Kf8 35. c4 Re7 36. Rb8+ Re8 37. Rb6 Kg7 38. Ng4 Rc8 39. Nxf6 Rg6 40. Ke5 Rxc4 41. Rb7+ Kf8 42. Nxh7+ Ke8 43. Nf6+ Kd8 44. d6 Rc3 45. g4 Rc4 46. Rb8+ Rc8 47. Rb7 Rc4 48. Rh7 Rxf6 49. Kxf6 Rxg4 50. Ke6 Re4+ 51. Kd5 Re2 52. a4 Ra2 53. Rh4 Kd7 54. Rh7+ Kd8 55. Kc6 Rc2+ 56. Kb6 Rd2 57. Kc5 Rc2+ 58. Kb5 Rd2 59. Kc5 Rc2+ 60. Kb5 Rd2 61. Rh6 Kd7 62. Kxa5 Kc6 63. Ka6 Rg2 64. a5 Ra2 65. Rg6 Ra1 66. Rg3 Kxd6 67. Rd3+ Kc7 68. Rb3 Ra2 69. Rb7+ Kc6 70. Rb6+ Kc7 71. Rb4 Ra1 72. Rb5 Kc6 73. Rb2 Kc7 74. Rc2+ Kb8 75. Rc5 Rh1 76. Rc6 Rh7 77. Kb6 Rb7+ 78. Ka6 Ra7+ 79. Kb5 Rb7+ 80. Rb6 Rxb6+ 81. axb6 Kb7 82. Kc5 Kb8 83. Kc6 Kc8 84. b7+ 1/2-1/2

[Event "CZE-chT2C 2223"]
[Site "Czech Republic"]
[Date "2022.12.18"]
[Round "5.5"]
[White "Jinova, Lucie"]
[Black "Kabelka, Ondrej"]
[Result "1/2-1/2"]
[WhiteElo "2072"]
[BlackElo "2018"]
[PlyCount "30"]
[EventDate "2022.10.16"]
[EventType "team-tourn"]
[EventRounds "11"]
[EventCountry "CZE"]
[SourceTitle "EXT 2024"]
[Source "ChessBase"]
[SourceDate "2023.10.10"]
[SourceVersion "1"]
[SourceVersionDate "2023.10.10"]
[SourceQuality "1"]
[WhiteTeam "Ceska Lipa"]
[BlackTeam "Jicin"]
[WhiteTeamCountry "CZE"]
[BlackTeamCountry "CZE"]

1. e4 e6 2. d4 d5 3. e5 c5 4. c3 Qb6 5. Nf3 Bd7 6. Bd3 Bb5 7. 0-0 Bxd3 8. Qxd3 Nc6 9. dxc5 Bxc5 10. Nbd2 Nh6 11. Nb3 Nf5 12. Nxc5 Qxc5 13. Bf4 h6 14. h4 Qe7 15. g3 0-0 1/2-1/2

[Event "Liberec Region-chT 2223"]
[Site "Czech Republic"]
[Date "2022.11.13"]
[Round "3.3"]
[White "Jinova, Lucie"]
[Black "Dolensky, Milan"]
[Result "1-0"]
[WhiteElo "2082"]
[BlackElo "2099"]
[PlyCount "79"]
[EventDate "2022.10.09"]
[EventType "team-tourn"]
[EventRounds "11"]
[EventCountry "CZE"]
[SourceTitle "EXT 2024"]
[Source "ChessBase"]
[SourceDate "2023.10.10"]
[SourceVersion "1"]
[SourceVersionDate "2023.10.10"]
[SourceQuality "1"]

1. e4 c5 2. c3 a6 3. d4 cxd4 4. cxd4 d5 5. exd5 Nf6 6. Nc3 g6 7. Qb3 Bg7 8. Nge2 0-0 9. Nf4 Nbd7 10. Be2 b6 11. h4 Ne8 12. Be3 Nd6 13. Bf3 Rb8 14. h5 Nf6 15. hxg6 hxg6 16. Nd3 a5 17. Ne5 Ra8 18. 0-0 Ba6 19. Rfe1 b5 20. Nc6 Qc7 21. Bf4 Rfe8 22. Nxb5 Bxb5 23. Bxd6 exd6 24. Qxb5 Qd7 25. a4 g5 26. Qd3 g4 27. Be4 g3 28. fxg3 Qg4 29. Bf5 Qg5 30. Qf3 Nh5 31. Bd7 Rxe1+ 32. Rxe1 Nxg3 33. Re3 Nh5 34. Ne7+ Kf8 35. Nf5 Bf6 36. Nxd6 Nf4 37. Ne4 Qh6 38. Nxf6 Qxf6 39. Bc6 Rb8 40. Re4 1-0

[Event "Liberec op 19th"]
[Site "Liberec"]
[Date "2019.02.27"]
[Round "6"]
[White "Shagbazyan, Taron"]
[Black "Jinova, Lucie"]
[Result "1-0"]
[WhiteElo "2421"]
[BlackElo "2096"]
[PlyCount "56"]
[EventDate "2019.02.23"]
[EventType "swiss"]
[EventRounds "9"]
[EventCountry "CZE"]
[SourceTitle "CBM 189 Extra"]
[Source "ChessBase"]
[SourceDate "2019.06.03"]
[SourceVersion "1"]
[SourceVersionDate "2019.06.03"]
[SourceQuality "1"]

1. d4 d5 2. c4 e6 3. Nc3 Nf6 4. cxd5 exd5 5. Bg5 Nbd7 6. e3 Be7 7. Bd3 c6 8. Qc2 0-0 9. Nge2 Re8 10. 0-0 Nf8 11. f3 h6 12. Bh4 Ne6 13. Rad1 b5 14. Kh1 Bb7 15. Bf5 b4 16. Na4 Qa5 17. Bxe6 fxe6 18. Bxf6 Bxf6 19. Nf4 Qd8 20. Nc5 Bc8 21. Nfd3 e5 22. Nxb4 Qc7 23. Qa4 exd4 24. Nxd5 cxd5 25. Qxe8+ Kh7 26. exd4 Rb8 27. Qe2 Rb4 28. a3 Rxd4 1-0

[Event "CZE-chT2B 1516"]
[Site "Czech Republic"]
[Date "2016.02.21"]
[Round "8.7"]
[White "Jinova, Lucie"]
[Black "Lochman, Vaclav"]
[Result "1/2-1/2"]
[WhiteElo "2089"]
[BlackElo "2003"]
[PlyCount "86"]
[EventDate "2015.10.18"]
[EventType "team-tourn"]
[EventRounds "11"]
[EventCountry "CZE"]
[SourceTitle "EXT 2022"]
[Source "ChessBase"]
[SourceDate "2021.10.06"]
[SourceVersion "1"]
[SourceVersionDate "2021.10.06"]
[SourceQuality "1"]
[WhiteTeam "Bakov nad Jizerou"]
[BlackTeam "Mlada Boleslav"]
[WhiteTeamCountry "CZE"]
[BlackTeamCountry "CZE"]

1. e4 c6 2. d4 d5 3. Nd2 dxe4 4. Nxe4 Bf5 5. Ng3 Bg6 6. Nf3 Nd7 7. h4 h6 8. h5 Bh7 9. Bd3 Bxd3 10. Qxd3 e6 11. Bf4 Qa5+ 12. Bd2 Bb4 13. c3 Be7 14. Ne4 Ngf6 15. Nxf6+ Nxf6 16. Ne5 Qd5 17. f3 Nd7 18. Nxd7 Qxd7 19. 0-0-0 0-0-0 20. Kb1 Kb8 21. Be3 Qc7 22. Qe4 Ka8 23. c4 Bf6 24. Rd3 c5 25. d5 exd5 26. cxd5 b6 27. Bf4 Qd7 28. Be5 Bxe5 29. Qxe5 Rhe8 30. Qf4 f6 31. Rhd1 Qd6 32. Qc4 Re5 33. g4 Rde8 34. R3d2 Re3 35. Qb5 Kb7 36. Rd3 a6 37. Qb3 Rxd3 38. Qxd3 b5 39. Rd2 Kb6 40. Qg6 Re7 41. Qd3 c4 42. Qd4+ Qc5 43. Qf4 Kb7 1/2-1/2

[Event "CZE-chT2B 1314"]
[Site "Czech Republic"]
[Date "2014.01.05"]
[Round "5.6"]
[White "Novotny, Roman2222"]
[Black "Jinova, Lucie"]
[Result "1-0"]
[WhiteElo "2030"]
[BlackElo "2103"]
[PlyCount "59"]
[EventDate "2013.11.03"]
[EventType "team-tourn"]
[EventRounds "11"]
[EventCountry "CZE"]
[SourceTitle "EXT 2015"]
[Source "ChessBase"]
[SourceDate "2014.11.20"]
[SourceVersion "1"]
[SourceVersionDate "2014.11.20"]
[SourceQuality "1"]
[WhiteTeam "Neratovice"]
[BlackTeam "Novoborsky III"]
[WhiteTeamCountry "CZE"]
[BlackTeamCountry "CZE"]

1. e4 e6 2. d4 d5 3. exd5 exd5 4. Nf3 Nf6 5. Bd3 Bg4 6. 0-0 Be7 7. Re1 0-0 8. Bg5 Nbd7 9. Nbd2 Re8 10. c3 h6 11. Bf4 Nf8 12. Qb3 Ne6 13. Bg3 c5 14. Qxb7 c4 15. Be2 Bxf3 16. Bxf3 Bd6 17. Qa6 Bf4 18. Nf1 Rb8 19. Rab1 Bxg3 20. hxg3 Ng5 21. Rxe8+ Qxe8 22. b4 Nxf3+ 23. gxf3 Qe2 24. Kg2 Re8 25. Qa3 Qd3 26. Qc1 Re2 27. Rb2 Re6 28. Qc2 Qxc2 29. Rxc2 Kf8 30. Ne3 1-0

[Event "CZE-ch blitz (Women)"]
[Site "Prague"]
[Date "2012.12.15"]
[Round "6"]
[White "Jinova, Lucie"]
[Black "Mareckova, Martina"]
[Result "1/2-1/2"]
[WhiteElo "2097"]
[BlackElo "2080"]
[PlyCount "107"]
[EventDate "2012.12.15"]
[EventType "swiss (blitz)"]
[EventRounds "13"]
[EventCountry "CZE"]
[SourceTitle "CBM 152 Extra"]
[Source "ChessBase"]
[SourceDate "2013.02.25"]
[SourceVersion "1"]
[SourceVersionDate "2013.02.25"]
[SourceQuality "1"]

1. e4 e5 2. Nf3 Nc6 3. d4 exd4 4. Bc4 Bc5 5. c3 d3 6. Qxd3 d6 7. 0-0 Nf6 8. Bg5 h6 9. Bh4 0-0 10. Nbd2 Qe7 11. Rae1 Ne5 12. Nxe5 dxe5 13. Qf3 g5 14. Bg3 Bg4 15. Qd3 Rad8 16. Qc2 Nh5 17. Kh1 Nf4 18. Bxf4 gxf4 19. Be2 Qe6 20. Bxg4 Qxg4 21. Nf3 Qe6 22. Rd1 c6 23. Qb3 Qxb3 24. axb3 f6 25. g3 Kf7 26. Kg2 fxg3 27. fxg3 Ke6 28. Nh4 Rg8 29. Nf5 h5 30. Kf3 b5 31. Ng7+ Ke7 32. Nxh5 Rxd1 33. Rxd1 Rh8 34. g4 a5 35. Kg3 a4 36. bxa4 bxa4 37. Ra1 Rb8 38. Ng7 Rxb2 39. Rxa4 Rb3 40. Rc4 Bd4 41. Nf5+ Ke6 42. Nxd4+ exd4 43. Rxc6+ Ke5 44. Kf3 Rxc3+ 45. Rxc3 dxc3 46. Ke3 c2 47. Kd2 Kxe4 48. Kxc2 Kf4 49. Kd3 Kxg4 50. Ke4 f5+ 51. Ke3 f4+ 52. Kf2 f3 53. h3+ Kxh3 54. Kxf3 1/2-1/2

[Event "Liberec op 13th"]
[Site "Liberec"]
[Date "2012.10.25"]
[Round "7"]
[White "Golcman, Evgeny"]
[Black "Jinova, Lucie"]
[Result "1-0"]
[WhiteElo "2323"]
[BlackElo "2096"]
[PlyCount "67"]
[EventDate "2012.10.20"]
[EventType "swiss"]
[EventRounds "9"]
[EventCountry "CZE"]
[SourceTitle "EXT 2013"]
[Source "ChessBase"]
[SourceDate "2012.11.22"]
[SourceVersion "1"]
[SourceVersionDate "2012.11.22"]
[SourceQuality "1"]

1. c4 e6 2. Nf3 Nf6 3. g3 d5 4. Bg2 Be7 5. d4 0-0 6. 0-0 b6 7. Nc3 Bb7 8. Qb3 Na6 9. Bg5 c5 10. cxd5 Nxd5 11. Bxe7 Qxe7 12. Nxd5 Bxd5 13. Qa4 Qb7 14. Rfd1 Rac8 15. Rd2 cxd4 16. Qxd4 Rc4 17. Qe5 Rfc8 18. Rad1 f6 19. Qe3 Nc5 20. Ne5 fxe5 21. Rxd5 e4 22. Rd8+ Rxd8 23. Rxd8+ Kf7 24. Qf4+ Kg6 25. h4 Qe7 26. Rc8 Qf6 27. Qg4+ Kf7 28. Rc7+ Kg8 29. b3 Rd4 30. Rxa7 h6 31. e3 Rd2 32. Qf4 Rd1+ 33. Kh2 Qb2 34. Bxe4 1-0

[Event "CZE-chT1W 1112"]
[Site "Czech Republic"]
[Date "2012.04.01"]
[Round "11.7"]
[White "Jinova, Lucie"]
[Black "Simecek, Alexej"]
[Result "1/2-1/2"]
[WhiteElo "2123"]
[BlackElo "2140"]
[PlyCount "58"]
[EventDate "2011.10.02"]
[EventType "team-tourn"]
[EventRounds "11"]
[EventCountry "CZE"]
[SourceTitle "EXT 2013"]
[Source "ChessBase"]
[SourceDate "2012.11.22"]
[SourceVersion "1"]
[SourceVersionDate "2012.11.22"]
[SourceQuality "1"]
[WhiteTeam "Novoborsky II"]
[BlackTeam "Praha Holdia II"]
[WhiteTeamCountry "CZE"]
[BlackTeamCountry "CZE"]

1. e4 c6 2. d4 d5 3. Nd2 dxe4 4. Nxe4 Bf5 5. Ng3 Bg6 6. h4 h6 7. h5 Bh7 8. Nf3 Nd7 9. Bd3 Bxd3 10. Qxd3 Qc7 11. Bd2 Ngf6 12. 0-0-0 e6 13. Kb1 0-0-0 14. Ne4 Nxe4 15. Qxe4 Nf6 16. Qe2 Rd5 17. c4 Rxh5 18. Rxh5 Nxh5 19. d5 Bd6 20. dxe6 Re8 21. c5 Bf8 22. Qd3 fxe6 23. Ba5 Qe7 24. Ne5 Nf4 25. Qg3 Nd5 26. Qg6 Nf4 27. Qe4 Nd5 28. Qg6 Nf4 29. Qe4 Nd5 1/2-1/2

[Event "Novy Bor op 3rd"]
[Site "Novy Bor"]
[Date "2012.02.17"]
[Round "8"]
[White "Jinova, Lucie"]
[Black "Flak, Pawel"]
[Result "1/2-1/2"]
[WhiteElo "2129"]
[BlackElo "2231"]
[PlyCount "59"]
[EventDate "2012.02.11"]
[EventType "swiss"]
[EventRounds "9"]
[EventCountry "CZE"]
[SourceTitle "CBM 147 Extra"]
[Source "ChessBase"]
[SourceDate "2012.04.24"]
[SourceVersion "1"]
[SourceVersionDate "2012.04.24"]
[SourceQuality "1"]

1. e4 Nf6 2. e5 Nd5 3. d4 d6 4. c4 Nb6 5. f4 dxe5 6. fxe5 Bf5 7. Nf3 e6 8. Nc3 Be7 9. Be2 0-0 10. 0-0 f6 11. Be3 Nc6 12. exf6 Bxf6 13. Qd2 Qe7 14. c5 Nd5 15. Bc4 Rad8 16. Rad1 Ndb4 17. Qe2 Nc2 18. d5 Bxc3 19. d6 cxd6 20. cxd6 Rxd6 21. bxc3 Rxd1 22. Rxd1 Nxe3 23. Qxe3 Bg4 24. Re1 Rf6 25. Ng5 Nd8 26. Qxa7 Rf4 27. Ne4 Bf5 28. Qd4 Kh8 29. Qd6 Qxd6 30. Nxd6 1/2-1/2